<?xml version="1.0" encoding="UTF-8"?>
<collection xmlns="http://www.loc.gov/MARC21/slim">
 <record>
  <leader>02069nam a22002417a 4500</leader>
  <controlfield tag="001">NCT_50178</controlfield>
  <controlfield tag="008">180913b        xxu||||| |||| 00| 0 vie d</controlfield>
  <datafield tag="999" ind1=" " ind2=" ">
   <subfield code="c">2398</subfield>
   <subfield code="d">2398</subfield>
  </datafield>
  <datafield tag="020" ind1=" " ind2=" ">
   <subfield code="a">9786048223359</subfield>
   <subfield code="c">112000</subfield>
  </datafield>
  <datafield tag="082" ind1="0" ind2="4">
   <subfield code="2">23rd ed.</subfield>
   <subfield code="a">624.18341</subfield>
   <subfield code="b">B108</subfield>
  </datafield>
  <datafield tag="100" ind1="1" ind2=" ">
   <subfield code="a">Bùi Quốc Bảo</subfield>
  </datafield>
  <datafield tag="245" ind1="1" ind2="0">
   <subfield code="a">Thiết kế kết cấu bêtông cốt thép theo tiêu chuẩn Eurocode :</subfield>
   <subfield code="b">Cơ sở lý thuyết và vi dụ áp dụng</subfield>
   <subfield code="c">Bùi Quốc Bảo</subfield>
  </datafield>
  <datafield tag="260" ind1=" " ind2=" ">
   <subfield code="a">H.</subfield>
   <subfield code="b">Xây dựng</subfield>
   <subfield code="c">2018</subfield>
  </datafield>
  <datafield tag="300" ind1=" " ind2=" ">
   <subfield code="a">210 tr.</subfield>
   <subfield code="b">hình vẽ, bản</subfield>
   <subfield code="c">27cm</subfield>
  </datafield>
  <datafield tag="520" ind1="3" ind2=" ">
   <subfield code="a">&quot;Giới thiệu tổng quan về tiêu chuẩn châu Âu EUROCODE và về kết cấu bê tông cốt thép. Trình bày khái niệm và nội dung liên quan đến đặc tính vật liệu, kết cấu bê tông cốt thép, tiết diện chịu kéo, tiệt diện chịu nén, tiết diện chịu uốn...; phương pháp tính dầm liên tục, sàn, độ võng; thiết kế khung bêtông cốt thép, cầu thang, bể chứa nước; kiểm tra nứt&quot;</subfield>
  </datafield>
  <datafield tag="653" ind1=" " ind2=" ">
   <subfield code="a">kỹ thuật công trình xây dựng</subfield>
  </datafield>
  <datafield tag="942" ind1=" " ind2=" ">
   <subfield code="2">ddc</subfield>
   <subfield code="c">BK</subfield>
  </datafield>
  <datafield tag="952" ind1=" " ind2=" ">
   <subfield code="0">0</subfield>
   <subfield code="1">0</subfield>
   <subfield code="2">ddc</subfield>
   <subfield code="4">0</subfield>
   <subfield code="6">624_183410000000000_B108</subfield>
   <subfield code="7">0</subfield>
   <subfield code="9">13829</subfield>
   <subfield code="a">000001</subfield>
   <subfield code="b">000001</subfield>
   <subfield code="d">2018-09-13</subfield>
   <subfield code="l">1</subfield>
   <subfield code="o">624.18341 B108</subfield>
   <subfield code="p">MD.12883</subfield>
   <subfield code="r">2022-02-11</subfield>
   <subfield code="s">2021-04-27</subfield>
   <subfield code="v">112000.00</subfield>
   <subfield code="w">2018-09-13</subfield>
   <subfield code="y">BK</subfield>
  </datafield>
  <datafield tag="952" ind1=" " ind2=" ">
   <subfield code="0">0</subfield>
   <subfield code="1">0</subfield>
   <subfield code="2">ddc</subfield>
   <subfield code="4">0</subfield>
   <subfield code="6">624_183410000000000_B108</subfield>
   <subfield code="7">0</subfield>
   <subfield code="9">13830</subfield>
   <subfield code="a">000001</subfield>
   <subfield code="b">000001</subfield>
   <subfield code="d">2018-09-13</subfield>
   <subfield code="o">624.18341 B108</subfield>
   <subfield code="p">MD.12884</subfield>
   <subfield code="r">2018-09-13</subfield>
   <subfield code="v">112000.00</subfield>
   <subfield code="w">2018-09-13</subfield>
   <subfield code="y">BK</subfield>
  </datafield>
  <datafield tag="952" ind1=" " ind2=" ">
   <subfield code="0">0</subfield>
   <subfield code="1">0</subfield>
   <subfield code="2">ddc</subfield>
   <subfield code="4">0</subfield>
   <subfield code="6">624_183410000000000_B108</subfield>
   <subfield code="7">0</subfield>
   <subfield code="9">13831</subfield>
   <subfield code="a">000001</subfield>
   <subfield code="b">000001</subfield>
   <subfield code="d">2018-09-13</subfield>
   <subfield code="o">624.18341 B108</subfield>
   <subfield code="p">MD.12885</subfield>
   <subfield code="r">2018-09-13</subfield>
   <subfield code="v">112000.00</subfield>
   <subfield code="w">2018-09-13</subfield>
   <subfield code="y">BK</subfield>
  </datafield>
  <datafield tag="952" ind1=" " ind2=" ">
   <subfield code="0">0</subfield>
   <subfield code="1">0</subfield>
   <subfield code="2">ddc</subfield>
   <subfield code="4">0</subfield>
   <subfield code="6">624_183410000000000_B108</subfield>
   <subfield code="7">0</subfield>
   <subfield code="9">13832</subfield>
   <subfield code="a">000001</subfield>
   <subfield code="b">000001</subfield>
   <subfield code="d">2018-09-13</subfield>
   <subfield code="o">624.18341 B108</subfield>
   <subfield code="p">MD.12886</subfield>
   <subfield code="r">2018-09-13</subfield>
   <subfield code="v">112000.00</subfield>
   <subfield code="w">2018-09-13</subfield>
   <subfield code="y">BK</subfield>
  </datafield>
  <datafield tag="952" ind1=" " ind2=" ">
   <subfield code="0">0</subfield>
   <subfield code="1">0</subfield>
   <subfield code="2">ddc</subfield>
   <subfield code="4">0</subfield>
   <subfield code="6">624_183410000000000_B108</subfield>
   <subfield code="7">0</subfield>
   <subfield code="9">13833</subfield>
   <subfield code="a">000001</subfield>
   <subfield code="b">000001</subfield>
   <subfield code="d">2018-09-13</subfield>
   <subfield code="o">624.18341 B108</subfield>
   <subfield code="p">MD.12887</subfield>
   <subfield code="r">2018-09-13</subfield>
   <subfield code="v">112000.00</subfield>
   <subfield code="w">2018-09-13</subfield>
   <subfield code="y">BK</subfield>
  </datafield>
  <datafield tag="980" ind1=" " ind2=" ">
   <subfield code="a">Thư viện Trường Đại học Nam Cần Thơ</subfield>
  </datafield>
 </record>
</collection>
